| 000 | 01183nam a22002657a 4500 | ||
|---|---|---|---|
| 005 | 20170124103005.0 | ||
| 010 | _aB-074046 | ||
| 020 |
_c125.00 _a8190167006 |
||
| 035 | _aB-074046 | ||
| 037 | _bCen Lib/Ret | ||
| 040 |
_aDPL _bHN |
||
| 082 |
_aक _bगंगोपा |
||
| 100 |
_aगंगापाध्याय, सुनील _99382 |
||
| 245 |
_aसुनहरा दू:ख / _cसुनील गंगोपाध्याय; अनुवादका ममता खरे |
||
| 246 |
_aSunhara dukh / _bbySuneel Gangopadhyaya; anuvadika Mamta Khare |
||
| 260 |
_aदिल्ली _bसन्मार्ग साहित्य परिषद _c2003 |
||
| 270 |
_aमाकन न. 29/32 बी, गली न. 12 विश्वास नगर _bदिल्ली _e110032 |
||
| 300 |
_a88पृ. _c19सेमी(सजिल्द ) |
||
| 650 |
_aहिंदी साहित्य _x _z _956061 |
||
| 650 |
_aहिंदी कहानियां _92082 |
||
| 650 |
_aHindi literature _v _956062 |
||
| 650 |
_aHindi stories _956063 |
||
| 700 |
_aखरे, ममता _92233 |
||
| 942 |
_2ddc _cHN _hक _mगंगोपा |
||
| 999 |
_c114247 _d114247 |
||